[Event "Milanowek-chA 21st"]
[Site "Milanowek"]
[Date "2015.06.28"]
[Round "8.2"]
[White "Rogalski, Krzysztof"]
[Black "Kasperkiewicz, Pawel"]
[Result "1/2-1/2"]
[WhiteElo "1844"]
[BlackElo "1969"]
[PlyCount "113"]
[EventDate "2015.06.22"]
[EventType "swiss"]
[EventRounds "9"]
[EventCountry "POL"]
[SourceTitle "EXT 2023"]
[Source "ChessBase"]
[SourceDate "2022.10.05"]
[SourceVersion "1"]
[SourceVersionDate "2022.10.05"]
[SourceQuality "1"]

1. d4 Nf6 2. c4 g6 3. Nc3 d5 4. Nf3 Bg7 5. Bf4 0-0 6. e3 c5 7. dxc5 Qa5 8. Qb3 Nc6 9. Qb5 dxc4 10. Bxc4 Nh5 11. Qxa5 Nxa5 12. Be2 Nxf4 13. exf4 Be6 14. Rc1 Rfc8 15. b4 Nc6 16. a3 a5 17. b5 Nd4 18. Nxd4 Bxd4 19. Na4 Bf5 20. 0-0 Rab8 21. Rfd1 e5 22. fxe5 Bxe5 23. Bf3 Be6 24. Bd5 Bf4 25. Bxe6 fxe6 26. Rc4 Rd8 27. Rcd4 Rxd4 28. Rxd4 Bc1 29. Rd3 e5 30. g3 e4 31. Rc3 Bd2 32. Rc2 e3 33. fxe3 Bxe3+ 34. Kg2 Rc8 35. c6 bxc6 36. Rxc6 Rb8 37. b6 Kf7 38. Rc7+ Ke6 39. Rxh7 Bxb6 40. Nxb6 Rxb6 41. Ra7 Rb5 42. h4 Kf5 43. Kh3 Kf6 44. Ra6+ Kg7 45. Kg4 Rc5 46. Kf4 Rc4+ 47. Kg5 Rc5+ 48. Kg4 Rc4+ 49. Kh3 Ra4 50. Ra7+ Kg8 51. g4 Rxa3+ 52. Kg2 a4 53. h5 gxh5 54. gxh5 Ra1 55. h6 a3 56. Kh2 a2 57. Kg2 1/2-1/2

[Event "Milanowek-chA 21st"]
[Site "Milanowek"]
[Date "2015.06.26"]
[Round "5.2"]
[White "Rogalski, Krzysztof"]
[Black "Moscicka, Pola"]
[Result "1-0"]
[WhiteElo "1844"]
[BlackElo "1632"]
[PlyCount "81"]
[EventDate "2015.06.22"]
[EventType "swiss"]
[EventRounds "9"]
[EventCountry "POL"]
[SourceTitle "EXT 2023"]
[Source "ChessBase"]
[SourceDate "2022.10.05"]
[SourceVersion "1"]
[SourceVersionDate "2022.10.05"]
[SourceQuality "1"]

1. e4 c5 2. Nc3 d6 3. g3 Nc6 4. Bg2 e6 5. d3 Nf6 6. f4 d5 7. e5 Nd7 8. Nf3 Be7 9. 0-0 0-0 10. Ne2 b5 11. c3 c4 12. d4 Nb6 13. Be3 Bd7 14. Qd2 Qc7 15. g4 b4 16. Ng3 bxc3 17. bxc3 f6 18. Rae1 Qc8 19. Re2 Rb8 20. Ref2 Na4 21. Qc1 fxe5 22. Nxe5 Nxe5 23. fxe5 Qb7 24. Rxf8+ Bxf8 25. Bg5 Be8 26. h4 h6 27. Bd2 Qb2 28. Qe1 Qxa2 29. Qf2 Qa3 30. h5 Rb2 31. Qf4 Ra2 32. g5 hxg5 33. Qxg5 Be7 34. Qg4 Rxd2 35. Qxe6+ Kh8 36. Bxd5 Kh7 37. Qg8+ Kh6 38. Qh8+ Kg5 39. Qxg7+ Kh4 40. Rf4+ Kh3 41. Be6# 1-0

[Event "Wloclawek CC Classic 12th"]
[Site "Wloclawek"]
[Date "2015.??.??"]
[Round "4"]
[White "Kaczynski, Maciej"]
[Black "Rogalski, Krzysztof"]
[Result "0-1"]
[WhiteElo "1617"]
[BlackElo "1835"]
[PlyCount "120"]
[EventDate "2015.03.??"]
[EventType "swiss"]
[EventRounds "7"]
[EventCountry "POL"]
[SourceTitle "EXT 2021"]
[Source "ChessBase"]
[SourceDate "2020.10.23"]
[SourceVersion "1"]
[SourceVersionDate "2020.10.23"]
[SourceQuality "1"]

1. e4 c5 2. c3 Nf6 3. e5 Nd5 4. Bc4 Nb6 5. Qb3 e6 6. Nf3 Nc6 7. Be2 Qc7 8. d4 cxd4 9. cxd4 Nxe5 10. 0-0 Nxf3+ 11. Qxf3 Be7 12. Nc3 a6 13. Bf4 d6 14. Rfc1 Qd8 15. Qg3 0-0 16. Ne4 Nd5 17. Bxd6 Bxd6 18. Nxd6 Qb6 19. Nc4 Qxd4 20. Rd1 Qf4 21. Qb3 b5 22. Nd2 Bb7 23. Nf3 Rac8 24. a4 b4 25. a5 Rc7 26. g3 Qd6 27. Qd3 h6 28. Nd2 Rfc8 29. Ne4 Qe7 30. Bf3 Rc4 31. Re1 Qc7 32. Nd2 Rc2 33. b3 Qc3 34. Qxc3 R8xc3 35. Bxd5 Bxd5 36. Rad1 Rd3 37. Nf1 Rxd1 38. Rxd1 Bxb3 39. Ne3 Ra2 40. Rd8+ Kh7 41. Rb8 Rxa5 42. Rxb4 Rb5 43. Rxb5 axb5 44. Kf1 f5 45. f4 g5 46. Ke2 Kg6 47. fxg5 hxg5 48. Kd3 Kf6 49. Kc3 Ba4 50. Kd4 e5+ 51. Kc5 Ke6 52. Nd5 f4 53. g4 e4 54. Kd4 e3 55. Nc3 Bc2 56. h4 gxh4 57. Ne2 Kf6 58. Nxf4 Kg5 59. Kxe3 Kxg4 60. Ne2 b4 0-1

[Event "Wloclawek CC Classic 12th"]
[Site "Wloclawek"]
[Date "2015.??.??"]
[Round "6"]
[White "Lapinski, Jerzy"]
[Black "Rogalski, Krzysztof"]
[Result "0-1"]
[WhiteElo "1800"]
[BlackElo "1835"]
[PlyCount "70"]
[EventDate "2015.03.??"]
[EventType "swiss"]
[EventRounds "7"]
[EventCountry "POL"]
[SourceTitle "EXT 2021"]
[Source "ChessBase"]
[SourceDate "2020.10.23"]
[SourceVersion "1"]
[SourceVersionDate "2020.10.23"]
[SourceQuality "1"]

1. d4 Nf6 2. Nf3 d5 3. c4 e6 4. e3 Nbd7 5. Bd3 c6 6. 0-0 Bd6 7. c5 Bc7 8. Qc2 e5 9. dxe5 Nxe5 10. Nxe5 Bxe5 11. f4 Bc7 12. Nd2 0-0 13. Nf3 Re8 14. Bd2 h6 15. Rae1 Ne4 16. b4 a6 17. Bc1 Bg4 18. Bb2 Bxf3 19. Rxf3 f5 20. Bxe4 Rxe4 21. Rg3 Bxf4 22. Rxg7+ Kf8 23. Rh7 Qh4 24. g3 Bxg3 25. hxg3 Qxg3+ 26. Kf1 Rae8 27. Bd4 Rf4+ 28. Ke2 Rf2+ 29. Kd1 Rxc2 30. Rf1 Rf2 31. Rxf2 Qxf2 32. Rh8+ Kf7 33. Rh7+ Kg6 34. Rxb7 Kh5 35. Rh7 Rg8 0-1

[Event "Wloclawek CC Classic 12th"]
[Site "Wloclawek"]
[Date "2015.??.??"]
[Round "7"]
[White "Rogalski, Krzysztof"]
[Black "Garbowski, Jakub"]
[Result "1/2-1/2"]
[WhiteElo "1835"]
[BlackElo "1984"]
[PlyCount "30"]
[EventDate "2015.03.??"]
[EventType "swiss"]
[EventRounds "7"]
[EventCountry "POL"]
[SourceTitle "EXT 2021"]
[Source "ChessBase"]
[SourceDate "2020.10.23"]
[SourceVersion "1"]
[SourceVersionDate "2020.10.23"]
[SourceQuality "1"]

1. d4 Nf6 2. c4 g6 3. Nc3 d5 4. Nf3 Bg7 5. Bf4 0-0 6. e3 c5 7. dxc5 Qa5 8. Qb3 dxc4 9. Bxc4 Ne4 10. Be5 Nxc5 11. Qb5 Nc6 12. Bxg7 Kxg7 13. 0-0 Qxb5 14. Nxb5 Bd7 15. Rfd1 a6 1/2-1/2

[Event "Jastrzebia Gora Fianchetto op"]
[Site "Jastrzebia Gora"]
[Date "2014.??.??"]
[Round "3"]
[White "Rogalski, Krzysztof"]
[Black "Grochol, Kamil"]
[Result "1-0"]
[WhiteElo "1832"]
[BlackElo "1570"]
[PlyCount "37"]
[EventDate "2014.08.31"]
[EventType "swiss"]
[EventRounds "9"]
[EventCountry "POL"]
[SourceTitle "CBM 162 Extra"]
[Source "ChessBase"]
[SourceDate "2014.10.17"]
[SourceVersion "1"]
[SourceVersionDate "2014.10.17"]
[SourceQuality "1"]

1. d4 d5 2. Nf3 Nf6 3. c4 e6 4. Nc3 c6 5. e3 Nbd7 6. Qc2 Be7 7. b3 0-0 8. Bd3 h6 9. 0-0 Re8 10. Rd1 Qc7 11. Bb2 Bd6 12. Rac1 a5 13. e4 Bf4 14. Rb1 dxe4 15. Nxe4 Nxe4 16. Bxe4 Nf6 17. Bd3 Rb8 18. Re1 Bd6 19. Rbd1 1-0

[Event "Jastrzebia Gora Fianchetto op"]
[Site "Jastrzebia Gora"]
[Date "2014.??.??"]
[Round "7"]
[White "Rogalski, Krzysztof"]
[Black "Pioch, Zygmunt"]
[Result "0-1"]
[WhiteElo "1832"]
[BlackElo "2052"]
[PlyCount "42"]
[EventDate "2014.08.31"]
[EventType "swiss"]
[EventRounds "9"]
[EventCountry "POL"]
[SourceTitle "CBM 162 Extra"]
[Source "ChessBase"]
[SourceDate "2014.10.17"]
[SourceVersion "1"]
[SourceVersionDate "2014.10.17"]
[SourceQuality "1"]

1. d4 Nf6 2. c4 c5 3. d5 b5 4. cxb5 a6 5. bxa6 g6 6. Nc3 Bxa6 7. g3 d6 8. Bg2 Bg7 9. Nf3 Nbd7 10. h3 0-0 11. 0-0 Nb6 12. Re1 Nc4 13. e4 Nd7 14. Qc2 Qa5 15. Nd2 Na3 16. bxa3 Qxc3 17. Qxc3 Bxc3 18. Rb1 Ne5 19. Bh1 Nd3 20. Rd1 Nxc1 21. Rbxc1 Be2 0-1

[Event "Kowalewo Pomorskie op"]
[Site "Kowalewo Pomorskie"]
[Date "2013.07.15"]
[Round "8"]
[White "Pawlowski, Pawel"]
[Black "Rogalski, Krzysztof"]
[Result "1/2-1/2"]
[WhiteElo "1804"]
[BlackElo "1821"]
[PlyCount "59"]
[EventDate "2013.07.10"]
[EventType "swiss"]
[EventRounds "9"]
[EventCountry "POL"]
[SourceTitle "CBM 155 Extra"]
[Source "ChessBase"]
[SourceDate "2013.08.26"]
[SourceVersion "1"]
[SourceVersionDate "2013.08.26"]
[SourceQuality "1"]

1. Nf3 d5 2. c4 e6 3. g3 c5 4. cxd5 exd5 5. d4 Nf6 6. Bg2 Nc6 7. Nc3 Be6 8. 0-0 Be7 9. e3 h6 10. b3 0-0 11. Bb2 Rc8 12. Rc1 Qa5 13. a3 cxd4 14. exd4 b5 15. b4 Qb6 16. Re1 Rfd8 17. h3 a6 18. Qd3 Ne8 19. Ne2 Nd6 20. Nf4 Nc4 21. Ba1 Rd6 22. Nxe6 Rxe6 23. Rxe6 fxe6 24. Re1 Nd8 25. Nh2 Rc7 26. Ng4 Nd6 27. h4 Qc6 28. Ne3 Nc4 29. Ng4 Nd6 30. Bf1 1/2-1/2

[Event "Kowalewo Pomorskie op"]
[Site "Kowalewo Pomorskie"]
[Date "2013.07.13"]
[Round "6"]
[White "Balkiewicz, Henryk"]
[Black "Rogalski, Krzysztof"]
[Result "1/2-1/2"]
[WhiteElo "1808"]
[BlackElo "1821"]
[PlyCount "74"]
[EventDate "2013.07.10"]
[EventType "swiss"]
[EventRounds "9"]
[EventCountry "POL"]
[SourceTitle "CBM 155 Extra"]
[Source "ChessBase"]
[SourceDate "2013.08.26"]
[SourceVersion "1"]
[SourceVersionDate "2013.08.26"]
[SourceQuality "1"]

1. Nf3 d5 2. d4 Nf6 3. g3 e6 4. Bg2 Nbd7 5. c4 b6 6. 0-0 Bb7 7. Nc3 Be7 8. Qc2 0-0 9. b3 Rc8 10. Bb2 c5 11. Rad1 Qc7 12. e4 Nxe4 13. Nb5 Qb8 14. Nd2 Nxd2 15. Qxd2 a6 16. Nc3 Nf6 17. dxc5 bxc5 18. cxd5 exd5 19. Nxd5 Nxd5 20. Bxd5 Rfd8 21. Qe2 Re8 22. Qg4 Bf8 23. Bxb7 Qxb7 24. Rd7 Qe4 25. Qxe4 Rxe4 26. Rfd1 Be7 27. Kf1 f6 28. Bc1 c4 29. bxc4 Rcxc4 30. Be3 Rc6 31. Ra7 Rce6 32. Rb1 Kf7 33. Bc5 Rc6 34. Bb4 Rb6 35. a3 a5 36. Rxa5 Bxb4 37. axb4 Rexb4 1/2-1/2

[Event "Milanowek-ch"]
[Site "Milanowek"]
[Date "2012.07.02"]
[Round "3"]
[White "Rogalski, Krzysztof"]
[Black "Jarzebowski, Kacper"]
[Result "1-0"]
[WhiteElo "1855"]
[BlackElo "1339"]
[PlyCount "115"]
[EventDate "2012.06.30"]
[EventType "swiss"]
[EventRounds "9"]
[EventCountry "POL"]
[SourceTitle "EXT 2014"]
[Source "ChessBase"]
[SourceDate "2013.11.20"]
[SourceVersion "1"]
[SourceVersionDate "2013.11.20"]
[SourceQuality "1"]

1. d4 Nf6 2. c4 d6 3. Nf3 g6 4. Nc3 Bg7 5. e4 Bg4 6. Be2 Nbd7 7. Be3 Bxf3 8. Bxf3 b6 9. e5 dxe5 10. Bxa8 Qxa8 11. 0-0 0-0 12. d5 Ne8 13. Rc1 f5 14. f3 Nd6 15. Qe2 a6 16. b4 f4 17. Bf2 Nf5 18. Ne4 Nd6 19. Ng5 Bf6 20. Ne6 Rc8 21. Rfd1 Nf8 22. Nxf8 Rxf8 23. c5 bxc5 24. bxc5 Nf5 25. Qe4 h5 26. g4 fxg3 27. hxg3 Kg7 28. Rb1 Nh6 29. d6 Qxe4 30. fxe4 cxd6 31. cxd6 exd6 32. Rxd6 Ng4 33. Rxa6 g5 34. Rb7+ Kg8 35. Bc5 Rd8 36. Bd6 h4 37. gxh4 gxh4 38. Rb8 Rxb8 39. Bxb8 h3 40. Bxe5 Bxe5 41. Rg6+ Kf7 42. Rxg4 Kf6 43. Rh4 Bd4+ 44. Kh2 Ke5 45. Kxh3 Bf2 46. Rg4 Be3 47. Kg3 Bd2 48. Kf3 Kf6 49. Ke2 Bc3 50. Kd3 Ba5 51. Kc4 Ke6 52. Rg6+ Kf7 53. Rc6 Ke7 54. Kb5 Bd8 55. a4 Kd7 56. Rg6 Kc8 57. Kc6 Kb8 58. Rg8 1-0

[Event "Milanowek-ch"]
[Site "Milanowek"]
[Date "2012.07.01"]
[Round "2"]
[White "Liberadzki, Slawomir"]
[Black "Rogalski, Krzysztof"]
[Result "1-0"]
[WhiteElo "2088"]
[BlackElo "1855"]
[PlyCount "91"]
[EventDate "2012.06.30"]
[EventType "swiss"]
[EventRounds "9"]
[EventCountry "POL"]
[SourceTitle "EXT 2014"]
[Source "ChessBase"]
[SourceDate "2013.11.20"]
[SourceVersion "1"]
[SourceVersionDate "2013.11.20"]
[SourceQuality "1"]

1. e4 c5 2. c3 Nc6 3. d4 cxd4 4. cxd4 d6 5. Nc3 g6 6. Be3 Bg7 7. Qd2 Nf6 8. f3 a6 9. Nge2 Bd7 10. g4 h5 11. g5 Ng8 12. Bg2 e5 13. 0-0 Nge7 14. Rad1 0-0 15. dxe5 Nxe5 16. b3 Nc8 17. f4 Nc6 18. f5 Be5 19. Nf4 N8e7 20. f6 Nc8 21. h3 Qa5 22. Ncd5 Qxd2 23. Rxd2 Rb8 24. Nd3 Bd4 25. Bxd4 Nxd4 26. N3f4 Ne6 27. Ne7+ Nxe7 28. fxe7 Rfe8 29. Nd5 Kg7 30. Rdf2 Nxg5 31. h4 Nh3+ 32. Bxh3 Bxh3 33. Rxf7+ Kg8 34. R1f6 Rbc8 35. Nf4 Bg4 36. Nxg6 Bd7 37. Nf8 Bg4 38. Rh7 Rxf8 39. exf8Q+ Rxf8 40. Rxf8+ Kxh7 41. Rf7+ Kg6 42. Rxb7 Kf6 43. Rb6 Be2 44. Kf2 Bd3 45. Rxd6+ Ke5 46. Rxd3 1-0

[Event "Warsaw YMCA Spring-B 90th"]
[Site "Warsaw"]
[Date "2011.04.14"]
[Round "2"]
[White "Kurowski, Andrzej"]
[Black "Rogalski, Krzysztof"]
[Result "1-0"]
[WhiteElo "1849"]
[BlackElo "1890"]
[PlyCount "53"]
[EventDate "2011.04.05"]
[EventType "tourn"]
[EventRounds "11"]
[EventCountry "POL"]
[SourceTitle "EXT 2019"]
[Source "ChessBase"]
[SourceDate "2018.10.10"]
[SourceVersion "1"]
[SourceVersionDate "2018.10.10"]
[SourceQuality "1"]

1. d4 Nf6 2. c4 e6 3. Nf3 d5 4. Nc3 Nbd7 5. Bg5 c6 6. cxd5 exd5 7. e3 Be7 8. Qc2 0-0 9. Bd3 Re8 10. 0-0 Nf8 11. Rab1 Nh5 12. Bxe7 Qxe7 13. b4 a6 14. a4 g6 15. b5 axb5 16. axb5 Ng7 17. bxc6 bxc6 18. Ne5 Qd6 19. Rb6 Bd7 20. Nb5 Qf6 21. Nc7 Rab8 22. Nxe8 Rxe8 23. Nxd7 Nxd7 24. Rxc6 Ne6 25. Rc8 Rxc8 26. Qxc8+ Ndf8 27. Qc6 1-0

[Event "Warsaw YMCA Autumn-B 83rd"]
[Site "Warsaw"]
[Date "2010.12.02"]
[Round "10"]
[White "Rogalski, Krzysztof"]
[Black "Szymczak, Rafal"]
[Result "0-1"]
[WhiteElo "1927"]
[BlackElo "2045"]
[PlyCount "88"]
[EventDate "2010.09.23"]
[EventType "tourn"]
[EventRounds "13"]
[EventCountry "POL"]
[SourceTitle "EXT 2019"]
[Source "ChessBase"]
[SourceDate "2018.10.10"]
[SourceVersion "1"]
[SourceVersionDate "2018.10.10"]
[SourceQuality "1"]

1. d4 f5 2. Nf3 g6 3. c4 Nf6 4. Nc3 Bg7 5. Qd3 d6 6. e4 fxe4 7. Nxe4 Nc6 8. Be2 Nxe4 9. Qxe4 Bf5 10. Qf4 0-0 11. Qd2 e5 12. dxe5 dxe5 13. 0-0 e4 14. Ne1 Qxd2 15. Bxd2 Rad8 16. Be3 Bd4 17. Nc2 Bxe3 18. Nxe3 Rd2 19. Rfe1 Nd4 20. Bg4 Rxb2 21. Bxf5 gxf5 22. Rab1 Rxb1 23. Rxb1 b6 24. c5 Kg7 25. cxb6 axb6 26. Rd1 c5 27. Rb1 b5 28. Kf1 Ra8 29. Rb2 Kf6 30. Nd5+ Ke5 31. Nc3 b4 32. Nb1 Ra4 33. Nd2 Kd5 34. Nb3 c4 35. Nxd4 Kxd4 36. Ke2 c3 37. Rc2 Kc4 38. f3 exf3+ 39. gxf3 f4 40. h4 h5 41. Kd1 b3 42. axb3+ Kxb3 43. Rc1 Rd4+ 44. Ke1 Kb2 0-1

[Event "Warsaw YMCA Autumn-B 83rd"]
[Site "Warsaw"]
[Date "2010.11.11"]
[Round "7"]
[White "Sujkowski, Pawel"]
[Black "Rogalski, Krzysztof"]
[Result "1-0"]
[WhiteElo "1938"]
[BlackElo "1927"]
[PlyCount "111"]
[EventDate "2010.09.23"]
[EventType "tourn"]
[EventRounds "13"]
[EventCountry "POL"]
[SourceTitle "EXT 2019"]
[Source "ChessBase"]
[SourceDate "2018.10.10"]
[SourceVersion "1"]
[SourceVersionDate "2018.10.10"]
[SourceQuality "1"]

1. d4 Nf6 2. c4 e6 3. Nc3 Bb4 4. e3 b6 5. f3 0-0 6. e4 d5 7. e5 Nfd7 8. cxd5 exd5 9. f4 c5 10. a3 Ba5 11. Nf3 Nc6 12. Be2 Re8 13. 0-0 Nxd4 14. Nxd4 Bxc3 15. bxc3 cxd4 16. cxd4 Bb7 17. Bd3 f6 18. Qh5 Nf8 19. a4 g6 20. Qe2 f5 21. Be3 Ne6 22. g4 fxg4 23. Qxg4 Ng7 24. f5 Bc8 25. Qg2 Bxf5 26. Bxf5 gxf5 27. Bh6 Qd7 28. Rxf5 Kh8 29. Bxg7+ Qxg7 30. Rg5 Qd7 31. Kh1 Rg8 32. Rg1 Rxg5 33. Qxg5 Qf7 34. Qe3 Qf5 35. Re1 Qe6 36. Rf1 Rg8 37. Qf4 Qg4 38. Qf6+ Qg7 39. h3 h6 40. Kh2 Kh7 41. Qf7 Kh8 42. Qxg7+ Rxg7 43. Rf6 Rc7 44. Rxh6+ Kg7 45. Rd6 Rc4 46. Rd7+ Kf8 47. a5 Rxd4 48. a6 Ra4 49. Rxa7 b5 50. Ra8+ Kg7 51. e6 Kf6 52. a7 Ra2+ 53. Kg3 Ra3+ 54. Kf4 Ra4+ 55. Kf3 Ra3+ 56. Ke2 1-0

[Event "Warsaw YMCA Autumn-B 83rd"]
[Site "Warsaw"]
[Date "2010.11.04"]
[Round "6"]
[White "Rogalski, Krzysztof"]
[Black "Sielicki, Tomasz"]
[Result "0-1"]
[WhiteElo "1927"]
[BlackElo "2022"]
[PlyCount "50"]
[EventDate "2010.09.23"]
[EventType "tourn"]
[EventRounds "13"]
[EventCountry "POL"]
[SourceTitle "EXT 2019"]
[Source "ChessBase"]
[SourceDate "2018.10.10"]
[SourceVersion "1"]
[SourceVersionDate "2018.10.10"]
[SourceQuality "1"]

1. d4 d6 2. c4 e5 3. Nf3 e4 4. Nfd2 f5 5. e3 Nf6 6. Nc3 Be7 7. Be2 c6 8. 0-0 0-0 9. Rb1 Be6 10. f3 d5 11. b4 Nbd7 12. c5 Qe8 13. Qb3 Qg6 14. Bd1 f4 15. Ndxe4 Nxe4 16. fxe4 dxe4 17. Qc2 f3 18. Rf2 Bh4 19. g3 Bxg3 20. hxg3 Qxg3+ 21. Kh1 Rf6 22. Bxf3 exf3 23. Bb2 Rh6+ 24. Rh2 f2 25. Rxh6 gxh6 0-1

[Event "Milanowek-ch"]
[Site "Milanowek"]
[Date "2010.06.27"]
[Round "2"]
[White "Lasota, Adam"]
[Black "Rogalski, Krzysztof"]
[Result "1/2-1/2"]
[WhiteElo "1825"]
[BlackElo "1948"]
[PlyCount "115"]
[EventDate "2010.06.26"]
[EventType "swiss"]
[EventRounds "9"]
[EventCountry "POL"]
[SourceTitle "EXT 2011"]
[Source "ChessBase"]
[SourceDate "2010.11.26"]
[SourceVersion "1"]
[SourceVersionDate "2010.11.26"]
[SourceQuality "1"]

1. d4 Nf6 2. c4 e6 3. Nc3 Bb4 4. e3 b6 5. Bd3 Bb7 6. Nf3 0-0 7. a3 Bxc3+ 8. bxc3 Ne4 9. Qc2 f5 10. 0-0 d6 11. Nd2 Nxd2 12. Bxd2 Nd7 13. f3 Qe7 14. Rae1 Rae8 15. a4 a5 16. e4 fxe4 17. Bxe4 Bxe4 18. Rxe4 Nf6 19. Re2 Qd7 20. Rfe1 Qf7 21. Bf4 Nh5 22. Bg3 Nxg3 23. hxg3 e5 24. d5 Rc8 25. Qb1 Qd7 26. Qb5 Qd8 27. Qc6 Qg5 28. Kf2 Qf6 29. Re4 g5 30. Rh1 Qg6 31. Ke3 Rf7 32. Re1 Rcf8 33. g4 Qg7 34. Qb5 Rf4 35. Qb1 Qg6 36. Kf2 Rxe4 37. Rxe4 Rf4 38. Ke3 Rf8 39. Qb5 Qe8 40. Kf2 Qe7 41. Qb1 Rf4 42. Ke3 Kg7 43. Kf2 Qd7 44. Rxf4 exf4 45. Qe4 Qf7 46. g3 fxg3+ 47. Kxg3 Qf6 48. Qd4 Qxd4 49. cxd4 Kf6 50. Kf2 Kg6 51. Kg3 h5 52. gxh5+ Kxh5 53. Kh3 Kg6 54. Kg4 Kf6 55. f4 gxf4 56. Kxf4 Kg6 57. Kg4 Kf6 58. Kf4 1/2-1/2

[Event "POL-ch disabled"]
[Site "Rowy"]
[Date "2009.09.04"]
[Round "6.3"]
[White "Drozd, Ryszard"]
[Black "Rogalski, Krzysztof"]
[Result "1/2-1/2"]
[WhiteElo "2267"]
[BlackElo "1971"]
[PlyCount "27"]
[EventDate "2009.09.01"]
[EventType "swiss"]
[EventRounds "9"]
[EventCountry "POL"]
[SourceTitle "EXT 2023"]
[Source "ChessBase"]
[SourceDate "2022.10.05"]
[SourceVersion "1"]
[SourceVersionDate "2022.10.05"]
[SourceQuality "1"]

1. d4 Nf6 2. c4 e6 3. Nf3 Bb4+ 4. Nbd2 b6 5. a3 Be7 6. e4 d6 7. Bd3 c5 8. d5 e5 9. h3 Bd7 10. Nf1 Na6 11. Ne3 Nc7 12. a4 a5 13. g4 g6 14. Nc2 1/2-1/2

[Event "POL-ch disabled"]
[Site "Rowy"]
[Date "2009.09.04"]
[Round "5.7"]
[White "Rogalski, Krzysztof"]
[Black "Anglart, Edward"]
[Result "1-0"]
[WhiteElo "1971"]
[BlackElo "1928"]
[PlyCount "50"]
[EventDate "2009.09.01"]
[EventType "swiss"]
[EventRounds "9"]
[EventCountry "POL"]
[SourceTitle "EXT 2023"]
[Source "ChessBase"]
[SourceDate "2022.10.05"]
[SourceVersion "1"]
[SourceVersionDate "2022.10.05"]
[SourceQuality "1"]

1. Nf3 Nf6 2. b3 g6 3. Bb2 Bg7 4. c4 c5 5. e3 d5 6. cxd5 Qxd5 7. Bc4 Qd6 8. 0-0 0-0 9. d4 cxd4 10. Nxd4 a6 11. a4 Nbd7 12. Nc3 Nb6 13. Bd3 Re8 14. b4 e5 15. Nb3 Be6 16. Nc5 Qe7 17. Qe2 Rad8 18. Rfd1 Nfd5 19. a5 Nxc3 20. Bxc3 Nd5 21. Bd2 e4 22. Bxe4 Bxa1 23. Rxa1 f5 24. Bf3 Bf7 25. Re1 g5 1-0